LEADER 01072nam0 2200301 450 001 000044135 005 20180214133036.0 010 $a978-203-4057-5 100 $a20180214d2008----km-y0itaa50------ba 101 0 $aita 102 $aIT 200 1 $aViaggiar lento$eandare adagio alla scoperta di luoghi e persone$fa cura di Roberto Lavarini 210 $aMilano$c<> Hoepli$d2008 215 $a275 p.$d21 cm 225 2 $aTurismi e turisti 410 0$12001$aTurismi e turisti 606 1 $aViaggi$xCultura [e] sociologia 606 2 $aTurismo$xCultura [e] sociologia 676 $a910$v(22. ed.)$9Geografia e viaggi 676 $a306.48$v(22. ed.)$9Istituzioni culturali. Viaggi e turismo 702 1$aLavarini,$bRoberto 801 0$aIT$bUniversità della Basilicata - B.I.A.$gREICAT$2unimarc 912 $a000044135 996 $aViaggiar lento$964413 997 $aUNIBAS CAT $aTTM$b30$c20180214$lBAS01$h1330 FMT Z30 -1$lBAS01$LBAS01$mBOOK$1BASA4$APolo di Matera$2DID$BDidattica$3MSR/115767$6115767$5T115767$820180214$f98$FConsultazione